The mind and the art of john Tranter/ (Record no. 143832)

MARC details
000 -LEADER
fixed length control field 00581nam a22001937a 4500
005 - DATE AND TIME OF LATEST TRANSACTION
control field 20170825143339.0
010 ## - LCCN (DPL NO)
LC control number ENG-120117
020 ## - INTERNATIONAL STANDARD BOOK NUMBER
International Standard Book Number 8189435329
Terms of availability 200.00
035 ## - SYSTEM CONTROL NUMBER
System control number EN-103649
037 ## - SOURCE OF ACQUISITION
Source of stock number/acquisition DBAD/PUB
082 ## - DEWEY DECIMAL CLASSIFICATION NUMBER
Classification number 881
100 ## - MAIN ENTRY--PERSONAL NAME
Personal name Bhatnagar, Rashmi
245 ## - TITLE STATEMENT
Title The mind and the art of john Tranter/
Statement of responsibility, etc by Rashmi Bhatnagar
260 ## - PUBLICATION, DISTRIBUTION, ETC. (IMPRINT)
Place of publication, distribution, etc Ajmer
Name of publisher, distributor, etc Chhavi Publications
Date of publication, distribution, etc 2016
270 ## - ADDRESS
Address 59, Kutchery Road,
City Ajmer
Postal code 305001
300 ## - PHYSICAL DESCRIPTION
Extent 170p.
Dimensions 22cm(pbk)
500 ## - GENERAL NOTE
General note Includes bibliographical references and index
942 ## - ADDED ENTRY ELEMENTS (KOHA)
Source of classification or shelving scheme Dewey Decimal Classification
Item type English Books
Classification part 881
Call number suffix BHA
Holdings
Withdrawn status Lost status Not for loan Collection code Home library Current library Date acquired Source of acquisition Cost, normal purchase price Full call number Barcode Copy number Cost, replacement price Koha item type
    Not For Loan Non-fiction D.B.Act.Division Bawana 25/08/2017 DBAD/PUB 200.00 881 BHA EN-103649 1 200.00 English Books

© Delhi Public Library
Hit Counter
free hit counter